000 00556nam a2200145Ia 4500
008 100204s9999 xx 000 0 und d
082 _b8220
100 _aजकातदार सतीश
245 _aग्रंथमाला खंड पहिला
260 _b"ग्रंथाली वाचक चळवळ , मुंबई - कुर्ला"
_c1985
300 _a128
630 _aग्रंथमाला खंड पहिला
730 _aग्रंथमाला खंड पहिला
942 _cBOOK
999 _c452656
_d452653